[Event "Juegos Univers 31st rap op"]
[Site "Pereira"]
[Date "2024.10.02"]
[Round "3"]
[White "Ascanio Lugo, Juan Pablo"]
[Black "Vargas Villalobos, Daniel Fernando"]
[Result "0-1"]
[WhiteElo "1778"]
[BlackElo "1764"]
[PlyCount "100"]
[EventDate "2024.10.01"]
[EventType "swiss"]
[EventRounds "7"]
[EventCountry "COL"]
[SourceTitle "EXT 2025"]
[Source "ChessBase"]
[SourceDate "2024.10.14"]
[SourceVersion "1"]
[SourceVersionDate "2024.10.14"]
[SourceQuality "1"]

1. e4 c5 2. g3 Nc6 3. Bg2 b5 4. Ne2 Bb7 5. c3 c4 6. 0-0 e6 7. a4 a6 8. axb5 axb5 9. Rxa8 Qxa8 10. d3 Qa2 11. Na3 Bxa3 12. bxa3 Nge7 13. dxc4 Qxc4 14. Qc2 d5 15. exd5 Nxd5 16. Be4 Nf6 17. Bd3 Qd5 18. Nf4 Qf3 19. Be2 Nd4 20. Bxf3 Nxf3+ 21. Kg2 Ne1+ 22. Kg1 Nxc2 23. f3 0-0 24. Rd1 Bxf3 25. Rd2 Be4 26. Kf2 Rc8 27. h3 h6 28. Bb2 Ra8 29. Rd1 Nxa3 30. Ra1 Nc4 31. Rxa8+ Bxa8 32. Bc1 Ne4+ 33. Ke2 Nxc3+ 34. Kd3 Nd5 35. Ne2 e5 36. h4 f6 37. Ng1 Kf7 38. h5 f5 39. Ne2 Ke6 40. Ng1 Nf6 41. Ne2 Nxh5 42. Nc3 Nd6 43. Ne2 g5 44. Bd2 f4 45. gxf4 gxf4 46. Be1 e4+ 47. Kd4 Nf5+ 48. Kc5 e3 49. Nd4+ Nxd4 50. Kxd4 Kf5 0-1

[Event "Juegos Univers 31st blitz op"]
[Site "Pereira"]
[Date "2024.10.02"]
[Round "6"]
[White "Murillo Loreo, Oscar Miguel"]
[Black "Vargas Villalobos, Daniel Fernando"]
[Result "1-0"]
[WhiteElo "1947"]
[BlackElo "1764"]
[PlyCount "69"]
[EventDate "2024.10.02"]
[EventType "swiss"]
[EventRounds "14"]
[EventCountry "COL"]
[SourceTitle "EXT 2025"]
[Source "ChessBase"]
[SourceDate "2024.10.14"]
[SourceVersion "1"]
[SourceVersionDate "2024.10.14"]
[SourceQuality "1"]

1. e4 c5 2. Nf3 d6 3. Bb5+ Bd7 4. Bxd7+ Qxd7 5. 0-0 Nc6 6. c3 Nf6 7. Re1 e5 8. d4 g6 9. Nbd2 Bg7 10. Nc4 b5 11. Ne3 cxd4 12. cxd4 0-0 13. d5 Nb4 14. Qb3 Na6 15. a4 bxa4 16. Qa3 Nc5 17. Bd2 a5 18. Nc4 Nb3 19. Rad1 Rfc8 20. Nb6 Qb5 21. Nxa8 Rxa8 22. Qxd6 Ne8 23. Qe7 Bf6 24. Qa3 Ra7 25. Bg5 Bg7 26. d6 Rd7 27. Rd5 Qa6 28. Qxa4 Qb7 29. Nxe5 Bxe5 30. Rxe5 Nxd6 31. Bh6 f6 32. Rd5 Kf7 33. Red1 Ke6 34. Bf4 Nc5 35. Qa2 1-0

[Event "Juegos Univers 31st blitz op"]
[Site "Pereira"]
[Date "2024.10.02"]
[Round "3"]
[White "Nieto Medina, Agustin"]
[Black "Vargas Villalobos, Daniel Fernando"]
[Result "1-0"]
[WhiteElo "2028"]
[BlackElo "1764"]
[PlyCount "43"]
[EventDate "2024.10.02"]
[EventType "swiss"]
[EventRounds "14"]
[EventCountry "COL"]
[SourceTitle "EXT 2025"]
[Source "ChessBase"]
[SourceDate "2024.10.14"]
[SourceVersion "1"]
[SourceVersionDate "2024.10.14"]
[SourceQuality "1"]

1. e4 c5 2. d4 cxd4 3. c3 d3 4. c4 d6 5. Nc3 g6 6. Bxd3 Bg7 7. Nge2 Nc6 8. 0-0 e6 9. b3 Nge7 10. Bb2 0-0 11. Qd2 d5 12. exd5 exd5 13. Rad1 dxc4 14. Bxc4 Qxd2 15. Rxd2 Bf5 16. Ba3 Rfe8 17. Nb5 Rac8 18. Rfd1 Rb8 19. Ng3 Ne5 20. Nd6 Nxc4 21. bxc4 Red8 22. Ndxf5 1-0

[Event "Juegos Univers 31st rap op"]
[Site "Pereira"]
[Date "2024.10.02"]
[Round "5"]
[White "Vargas Villalobos, Daniel Fernando"]
[Black "Murillo Loreo, Oscar Miguel"]
[Result "0-1"]
[WhiteElo "1764"]
[BlackElo "1947"]
[PlyCount "100"]
[EventDate "2024.10.01"]
[EventType "swiss"]
[EventRounds "7"]
[EventCountry "COL"]
[SourceTitle "EXT 2025"]
[Source "ChessBase"]
[SourceDate "2024.10.14"]
[SourceVersion "1"]
[SourceVersionDate "2024.10.14"]
[SourceQuality "1"]

1. c4 f5 2. Nc3 Nf6 3. b3 g6 4. Bb2 Bg7 5. Nd5 0-0 6. Nxf6+ Bxf6 7. Bxf6 Rxf6 8. d4 c5 9. e3 Nc6 10. Nf3 Rd6 11. d5 Qa5+ 12. Qd2 Nb4 13. Ke2 b5 14. a3 bxc4 15. Qc3 cxb3 16. axb4 cxb4 17. Qxc8+ Rxc8 18. Rxa5 b2 19. Nd2 Rc2 20. Kf3 Rxd2 21. Bc4 Rc2 22. Rb1 Rxc4 23. Rxb2 a6 24. Ke2 Kf7 25. Kd3 Rc3+ 26. Kd2 Ra3 27. Rc5 a5 28. f3 e6 29. e4 exd5 30. exd5 Kf6 31. Kc1 Rc3+ 32. Rxc3 bxc3 33. Rb5 Ke5 34. Rc5 Kd4 35. Rxa5 Rxd5 36. Ra7 Kd3 37. Rb7 d6 38. Rb6 Rd4 39. g4 f4 40. h4 d5 41. Rd6 c2 42. h5 Kc3 43. Rc6+ Rc4 44. Rd6 Ra4 45. Rc6+ Kd3 46. hxg6 Ra1+ 47. Kb2 Rb1+ 48. Ka2 c1Q 49. Rxc1 Rxc1 50. gxh7 Rh1 0-1

[Event "Juegos Univers 31st op"]
[Site "Pereira"]
[Date "2024.09.30"]
[Round "6"]
[White "Capera Lopez, Sergio Andres"]
[Black "Vargas Villalobos, Daniel Fernando"]
[Result "1-0"]
[WhiteElo "1797"]
[BlackElo "1764"]
[PlyCount "93"]
[EventDate "2024.09.28"]
[EventType "swiss"]
[EventRounds "7"]
[EventCountry "COL"]
[SourceTitle "EXT 2025"]
[Source "ChessBase"]
[SourceDate "2024.10.14"]
[SourceVersion "1"]
[SourceVersionDate "2024.10.14"]
[SourceQuality "1"]

1. d4 d5 2. Nf3 e6 3. Bf4 Bd6 4. Bg3 f5 5. e3 Nf6 6. Nbd2 0-0 7. c4 c6 8. Bxd6 Qxd6 9. Qb3 Nbd7 10. g3 Ne4 11. Bg2 Ndf6 12. 0-0 g5 13. Nxe4 Nxe4 14. c5 Qe7 15. Qc2 h5 16. Ne5 Nf6 17. Ng6 Qh7 18. Nxf8 Kxf8 19. f3 g4 20. Rae1 gxf3 21. Bxf3 Ke7 22. Rf2 Bd7 23. Kf1 Rg8 24. Ke2 h4 25. gxh4 Qxh4 26. Kd1 Qh3 27. Qe2 Qh7 28. Kc1 Be8 29. Rg2 Ng4 30. Bxg4 fxg4 31. Rf1 Bg6 32. Qf2 Be4 33. Qf6+ Kd7 34. Qf7+ Qxf7 35. Rxf7+ Kc8 36. Rgf2 Bf3 37. b4 Rh8 38. Rb2 g3 39. hxg3 Rh1+ 40. Kd2 Be4 41. b5 cxb5 42. Rxb5 Rh2+ 43. Kc3 Rxa2 44. Rbxb7 a5 45. Ra7 Rc2+ 46. Kb3 a4+ 47. Kxa4 1-0

[Event "Pereira Fiestas de la Cosecha op"]
[Site "Pereira"]
[Date "2023.08.27"]
[Round "7"]
[White "Solano, William"]
[Black "Vargas Villalobos, Daniel Fernando"]
[Result "1-0"]
[WhiteElo "1756"]
[BlackElo "1524"]
[PlyCount "141"]
[EventDate "2023.08.24"]
[EventType "swiss"]
[EventRounds "7"]
[EventCountry "COL"]
[SourceTitle "CBM 216 Extra"]
[Source "ChessBase"]
[SourceDate "2023.11.30"]
[SourceVersion "1"]
[SourceVersionDate "2023.11.30"]
[SourceQuality "1"]

1. Nf3 c5 2. e4 d6 3. c3 Nf6 4. e5 dxe5 5. Nxe5 Qc7 6. d4 e6 7. Bb5+ Bd7 8. Nxd7 Nbxd7 9. 0-0 Bd6 10. h3 0-0 11. Bg5 Ne4 12. Be3 Ndf6 13. Nd2 Nxd2 14. Qxd2 Rad8 15. Qe2 h6 16. Qf3 Nd5 17. dxc5 Bh2+ 18. Kh1 Nxe3 19. Qxe3 Bf4 20. Qe4 Qxc5 21. Bd3 Qf5 22. Qxf5 exf5 23. Bxf5 Rd2 24. Rab1 Re8 25. Bg4 Red8 26. g3 Bg5 27. h4 Bf6 28. Bf3 b5 29. Rfd1 Rxf2 30. Rxd8+ Bxd8 31. Bd5 Bb6 32. a3 Bc7 33. Bc6 a6 34. Bb7 Bxg3 35. Bxa6 Rf5 36. c4 bxc4 37. Bxc4 Bxh4 38. Rd1 g5 39. b4 g4 40. b5 Bf2 41. Kg2 g3 42. a4 Rf4 43. Rc1 h5 44. a5 h4 45. b6 Kg7 46. Rc2 Rf5 47. Ra2 Rf4 48. Bd5 Rf5 49. Be4 Rf6 50. a6 Bxb6 51. a7 Bxa7 52. Rxa7 Rf2+ 53. Kh3 Kf6 54. Bg2 Kg5 55. Ra8 f5 56. Rg8+ Kf4 57. Rh8 Ke3 58. Rxh4 f4 59. Rh8 Rd2 60. Re8+ Kf2 61. Rf8 Rd4 62. Ba8 Kg1 63. Bf3 Kf2 64. Ba8 Rb4 65. Bc6 Kf1 66. Bf3 Rb3 67. Bg2+ Kg1 68. Rxf4 Rb1 69. Kxg3 Rb3+ 70. Bf3 Rb1 71. Rh4 1-0

[Event "Pereira Fiestas de la Cosecha op"]
[Site "Pereira"]
[Date "2023.08.27"]
[Round "6"]
[White "Vargas Villalobos, Daniel Fernando"]
[Black "Buitrago Grajales, Juan Carlos"]
[Result "1-0"]
[WhiteElo "1524"]
[BlackElo "1898"]
[PlyCount "107"]
[EventDate "2023.08.24"]
[EventType "swiss"]
[EventRounds "7"]
[EventCountry "COL"]
[SourceTitle "CBM 216 Extra"]
[Source "ChessBase"]
[SourceDate "2023.11.30"]
[SourceVersion "1"]
[SourceVersionDate "2023.11.30"]
[SourceQuality "1"]

1. c4 c6 2. e4 d5 3. cxd5 cxd5 4. exd5 Nf6 5. Nc3 Nxd5 6. Nf3 Nc6 7. Bb5 a6 8. Ba4 e6 9. 0-0 b5 10. Bb3 Be7 11. d4 0-0 12. Nxd5 exd5 13. Ne5 Na5 14. Bc2 Bf6 15. Bf4 g6 16. b3 Be6 17. Re1 Rc8 18. Rc1 Qb6 19. Qd2 Nc6 20. Nxc6 Rxc6 21. Rcd1 Rfc8 22. Bb1 Bg4 23. f3 Be6 24. Be5 Bxe5 25. Rxe5 Qc7 26. Ree1 Kg7 27. Bd3 Qb6 28. Qe3 a5 29. h3 b4 30. f4 Qd8 31. f5 Bxf5 32. Bxf5 gxf5 33. Qf4 Rg6 34. Qxf5 Rg5 35. Qf2 Rc3 36. Re3 Qc7 37. Rf1 Rg6 38. Rf3 Rxf3 39. Qxf3 Qd7 40. Qe3 Qe6 41. Qf3 f6 42. Rc1 Qe4 43. Rc7+ Kh6 44. Qf2 f5 45. Ra7 Re6 46. Rxa5 Kh5 47. Rb5 f4 48. Rxb4 Rc6 49. Rb5 Rc1+ 50. Kh2 Rc6 51. Rc5 Rxc5 52. dxc5 d4 53. c6 Qe3 54. Qxe3 1-0

[Event "Pereira Fiestas de la Cosecha op"]
[Site "Pereira"]
[Date "2023.08.26"]
[Round "5"]
[White "Vargas Villalobos, Daniel Fernando"]
[Black "Lopez Mahecha, Natalia"]
[Result "1-0"]
[WhiteElo "1524"]
[BlackElo "1345"]
[PlyCount "59"]
[EventDate "2023.08.24"]
[EventType "swiss"]
[EventRounds "7"]
[EventCountry "COL"]
[SourceTitle "CBM 216 Extra"]
[Source "ChessBase"]
[SourceDate "2023.11.30"]
[SourceVersion "1"]
[SourceVersionDate "2023.11.30"]
[SourceQuality "1"]

1. c4 e5 2. g3 Nf6 3. Bg2 c6 4. d4 exd4 5. Qxd4 d5 6. Bg5 Be7 7. c5 Qa5+ 8. b4 Qd8 9. Nc3 0-0 10. Nf3 a5 11. b5 Nbd7 12. bxc6 bxc6 13. Na4 h6 14. Be3 Ne4 15. Rc1 Rb8 16. 0-0 Ba6 17. Qd1 Rb4 18. Nd4 Qc7 19. Nf5 Bf6 20. Bf4 Be5 21. Be3 Bxe2 22. Qxe2 Rxa4 23. Ne7+ Kh8 24. Bxe4 Rxe4 25. Qd2 Kh7 26. Nf5 Kg6 27. Qd3 Kf6 28. Nd4 Rg4 29. Qf5+ Ke7 30. Qxg4 1-0

[Event "COL-ch U26"]
[Site "Cali"]
[Date "2022.09.30"]
[Round "5"]
[White "Vargas Villalobos, Daniel Fernando"]
[Black "Sabogal Varela, Jose Joaquin"]
[Result "1-0"]
[WhiteElo "1547"]
[BlackElo "1864"]
[PlyCount "103"]
[EventDate "2022.09.28"]
[EventType "swiss"]
[EventRounds "6"]
[EventCountry "COL"]
[SourceTitle "CBM 210 Extra"]
[Source "ChessBase"]
[SourceDate "2022.11.30"]
[SourceVersion "1"]
[SourceVersionDate "2022.11.30"]
[SourceQuality "1"]

1. c4 e5 2. Nc3 Nc6 3. e3 f5 4. d4 e4 5. Nge2 Bb4 6. a3 Bxc3+ 7. Nxc3 Nf6 8. b4 0-0 9. d5 Ne5 10. d6 c6 11. Bb2 Nfg4 12. Qd2 Qh4 13. 0-0-0 Qxf2 14. Re1 Qxd2+ 15. Kxd2 Nf2 16. Nd1 Nfd3 17. Bxe5 Nxe5 18. Be2 Rf6 19. c5 b6 20. Nf2 bxc5 21. bxc5 a5 22. Rb1 Ba6 23. Bxa6 Rxa6 24. Kc3 Ra8 25. Kd4 Re6 26. a4 Ree8 27. Rb7 Kf7 28. Rf1 Ke6 29. Nh3 h6 30. Nf4+ Kf7 31. Nd5 Ke6 32. Nc7+ Kf6 33. Nxa8 Rxa8 34. Rfb1 Re8 35. Rb8 Re6 36. Ra8 Ng6 37. Rbb8 f4 38. exf4 e3 39. Rf8+ Nxf8 40. Rxf8+ Kg6 41. f5+ Kh7 42. fxe6 e2 43. exd7 e1Q 44. d8Q Qd2+ 45. Ke5 Qd5+ 46. Kf4 g5+ 47. Kg3 Qe5+ 48. Kf2 Qd4+ 49. Ke2 Qe4+ 50. Kf1 Qd3+ 51. Kg1 Qe3+ 52. Rf2 1-0

[Event "COL-chT Blitz"]
[Site "Santander"]
[Date "2022.09.10"]
[Round "6.2"]
[White "Martinez, Julian"]
[Black "Vargas Villalobos, Daniel Fernando"]
[Result "1-0"]
[WhiteElo "2180"]
[BlackElo "1553"]
[PlyCount "71"]
[EventDate "2022.09.10"]
[EventType "team-swiss (blitz)"]
[EventRounds "9"]
[EventCountry "COL"]
[SourceTitle "EXT 2023"]
[Source "ChessBase"]
[SourceDate "2022.10.05"]
[SourceVersion "1"]
[SourceVersionDate "2022.10.05"]
[SourceQuality "1"]
[WhiteTeam "Santander"]
[BlackTeam "Cundinamarca II"]
[WhiteTeamCountry "COL"]
[BlackTeamCountry "COL"]

1. e4 c5 2. Nf3 d6 3. b4 b6 4. bxc5 bxc5 5. Bc4 e6 6. 0-0 Nf6 7. Re1 Be7 8. c3 0-0 9. d4 cxd4 10. cxd4 Bb7 11. Bd3 Nc6 12. Nbd2 Nb4 13. Bb1 Rc8 14. a3 Nc6 15. Bd3 e5 16. Rb1 Rb8 17. Bb2 Qa5 18. Nc4 Qc7 19. dxe5 dxe5 20. Nfxe5 Rfd8 21. Qf3 Nd4 22. Qg3 Ba6 23. Rbc1 Nb3 24. Rc2 Nc5 25. Bf1 Ncxe4 26. Qf4 Bc5 27. Rxe4 Nxe4 28. Qxe4 Bb7 29. Qg4 Bc8 30. Nd7 Rxb2 31. Nf6+ Kh8 32. Qh4 Bf5 33. Rxb2 Bd4 34. Ne8 Qxc4 35. Bxc4 Bf6 36. Nxf6 1-0

[Event "COL-chT"]
[Site "Bucaramanga"]
[Date "2022.09.07"]
[Round "3.2"]
[White "Olarte Parra, Jhoan Sebastian"]
[Black "Vargas Villalobos, Daniel Fernando"]
[Result "0-1"]
[WhiteElo "1968"]
[BlackElo "1547"]
[PlyCount "160"]
[EventDate "2022.09.06"]
[EventType "team-swiss"]
[EventRounds "7"]
[EventCountry "COL"]
[SourceTitle "CBM 210 Extra"]
[Source "ChessBase"]
[SourceDate "2022.11.30"]
[SourceVersion "1"]
[SourceVersionDate "2022.11.30"]
[SourceQuality "1"]
[WhiteTeam "Cundinamarca"]
[BlackTeam "Cundinamarca II"]
[WhiteTeamCountry "COL"]
[BlackTeamCountry "COL"]

1. e4 c5 2. Nf3 d6 3. d4 cxd4 4. Nxd4 Nf6 5. Nc3 a6 6. Bg5 e6 7. f4 Be7 8. Qf3 Qc7 9. 0-0-0 Nbd7 10. g4 b5 11. Bxf6 Nxf6 12. g5 Nd7 13. a3 Rb8 14. Bg2 b4 15. axb4 Rxb4 16. Rhe1 Qb6 17. Nf5 Rxb2 18. Nxe7 Kxe7 19. e5 Rd8 20. Rxd6 Qb8 21. Qe3 Rb6 22. Red1 Rxd6 23. Rxd6 Qb4 24. Rd4 Qa3+ 25. Kd2 Qb2 26. Na4 Qa1 27. Nc3 Qb2 28. Rd6 Bb7 29. Qd4 Ke8 30. Bf1 Qa1 31. Bd3 Qh1 32. Qf2 Ke7 33. Ne2 Qa1 34. Qd4 Qa5+ 35. Qc3 Qxc3+ 36. Nxc3 Nc5 37. Rxd8 Kxd8 38. Bc4 Kc7 39. Ke3 Kb6 40. f5 Ka5 41. f6 g6 42. Kd4 Kb6 43. h4 Bc6 44. Ne2 Bb5 45. Nf4 Bxc4 46. Kxc4 Kc6 47. h5 gxh5 48. Kd4 h4 49. c3 a5 50. c4 a4 51. Nh3 a3 52. Kc3 a2 53. Kb2 Nd3+ 54. Kxa2 Nxe5 55. Kb3 Kc5 56. Nf4 h3 57. Nxh3 Nxc4 58. Kc3 e5 59. Kd3 Kd5 60. Nf2 Nd6 61. Ke3 Nf5+ 62. Kf3 Kd4 63. Kg4 Nd6 64. Kh5 Ke3 65. Nd1+ Kf4 66. Nc3 Nf5 67. Nd5+ Kg3 68. Ne7 Kf4 69. Nd5+ Kf3 70. Ne7 Ke4 71. Nc6 Kf4 72. Nd8 Nd6 73. Kh6 e4 74. Nc6 e3 75. Nb4 Nf5+ 76. Kxh7 Kxg5 77. Kg8 Kxf6 78. Nc2 e2 79. Ne1 Nd6 80. Kh7 Kg5 0-1